| 000 | 00655nam a2200181Ia 4500 | ||
|---|---|---|---|
| 008 | 100920s9999 xx 000 0 und d | ||
| 082 |
_b16169 _a410 थ 62 |
||
| 100 | _aसंपा. , भट गोविंद .केशव. | ||
| 245 | _aभास: तीन एकांकिका. | ||
| 260 |
_bमहाराष्ट्र ग्रंथ भांडार,कोल्हापूर. _c1962 |
||
| 300 |
_a70 _bसाधी |
||
| 365 | _b4 | ||
| 520 | _aभाषा. | ||
| 630 | _aभास: तीन एकांकिका. | ||
| 650 | _aभाषा. | ||
| 730 | _aभास: तीन एकांकिका. | ||
| 942 | _cBOOK | ||
| 999 |
_c679164 _d679161 |
||